| Tag |
First Indicator |
Second Indicator |
Subfields |
| LEADER |
00000cjm a2200000Ka 4500 |
| 001 |
in00003441231 |
| 005 |
20151206102839.0 |
| 007 |
sd fungnn|||ed |
| 008 |
010308s2000 quczznn n zxx d |
| 028 |
0 |
2 |
|a IMED 0053
|b empreintes DIGITALes
|
| 035 |
|
|
|a (OCoLC)ocm46392780
|
| 035 |
|
|
|a (OCoLC)46392780
|
| 040 |
|
|
|a FUG
|c FUG
|d MUQ
|d OCLCQ
|d OCLCG
|d CWI
|d OCLCF
|d UtOrBLW
|
| 049 |
|
|
|a TXAM
|
| 050 |
1 |
4 |
|a CD1225
|
| 090 |
|
|
|a M1473.M67
|b T73 2000
|
| 100 |
1 |
|
|a Moore, Adrian,
|d 1969-
|
| 245 |
1 |
0 |
|a Traces /
|c Adrian Moore.
|
| 264 |
|
1 |
|a Montréal, Québec, Canada :
|b Empreintes DIGITALes,
|c [2000]
|
| 264 |
|
4 |
|c ℗2000
|
| 300 |
|
|
|a 1 sound disc (61:38) :
|b digital ;
|c 4 3/4 in.
|
| 306 |
|
|
|a 001213
|a 001313
|a 001022
|a 001220
|a 001314
|
| 336 |
|
|
|a performed music
|b prm
|2 rdacontent
|
| 337 |
|
|
|a audio
|b s
|2 rdamedia
|
| 338 |
|
|
|a audio disc
|b sd
|2 rdacarrier
|
| 500 |
|
|
|a Electroacoustic music.
|
| 500 |
|
|
|a Compact disc.
|
| 505 |
0 |
|
|a Junky -- Dreamarena -- Study in ink -- Foil-counterfoil -- Sieve.
|
| 500 |
|
|
|a Sound recording.
|
| 650 |
|
0 |
|a Computer music.
|
| 650 |
|
6 |
|a Musique électroacoustique.
|
| 650 |
|
6 |
|a Musique concrète.
|
| 650 |
|
7 |
|a Computer music.
|2 fast
|0 (OCoLC)fst00872274
|
| 994 |
|
|
|a C0
|b TXA
|
| 948 |
|
|
|a cataloged
|b h
|c 2014/8/26
|d c
|e blrosas
|f 2:25:26 pm
|
| 999 |
|
|
|a MARS
|
| 999 |
f |
f |
|s 47c79cd6-f30e-39e1-ace8-36a97b3fdf73
|i db64dbf0-0fdf-369e-993c-3622e8cc3956
|t 0
|
| 952 |
f |
f |
|p ric
|a Texas A&M University
|b Rellis Campus
|c Joint Library Facility
|d Remote Storage
|t 0
|e M1473.M67 T73 2000
|h Library of Congress classification
|i audio -- audio disc
|m A14842742166
|
| 998 |
f |
f |
|a M1473.M67 T73 2000
|t 0
|l Remote Storage
|